| 000 | 00596nam a2200193Ia 4500 | ||
|---|---|---|---|
| 008 | 131103s9999 xx 000 0 und d | ||
| 020 | _cRs.31.20 | ||
| 040 | _aLoreto College | ||
| 041 | _aEnglish | ||
| 082 |
_a891.432/SHA _bLCLIB/29222 |
||
| 100 | _aSharma,Satyanarayan | ||
| 245 |
_aRomain Rolland ka Bharat _b Hindi Translation of French 'INDE'(India) Diary of Romain Rolland _cSatyanarayan Sharma |
||
| 260 |
_aNew Delhi _bPurvodaya Prakashan _c1984 |
||
| 300 |
_a231 p. _c 21 cm. |
||
| 650 | _aHindi - Drama | ||
| 651 | _aRomya Rola (Transalation) | ||
| 850 | _aLCLIB | ||
| 942 | _cBK | ||
| 999 |
_c18741 _d69220 |
||